La evangelización de los indios

-д хадгалсан:
Номзүйн дэлгэрэнгүй
Үндсэн зохиолч: Chávez, Ezequiel A (Зохиогч)
Формат: Ном
Хэл сонгох:испани
Хэвлэсэн: Ciudad de México Jus 1958
Нөхцлүүд:
Шошгууд: Шошго нэмэх
Шошго байхгүй, Энэхүү баримтыг шошголох эхний хүн болох!

MARC

LEADER 00000nam a2200000 a 4500
001 UCP4654
003 CL-VaPUC
008 990806e19580000MX |||||||||||||||||spa|d
082 0 4 |a 266.023  |b CHA  |2 21 
100 0 |a Chávez, Ezequiel A  |e author  |9 432292 
245 1 3 |a La evangelización de los indios 
300 |a 53 p 
942 |c BK 
945 |d 19990806 00:00:00  |a crobeson 
260 |a Ciudad de México  |b Jus  |c 1958 
650 7 |a MISIONES RELIGIOSAS  |2 CL-VaPUC  |9 393449 
650 7 |a HISTORIA ECLESIASTICA  |2 CL-VaPUC  |9 432293 
650 7 |a EVANGELIZACION  |2 CL-VaPUC  |9 432294 
650 7 |a INDIOS  |2 CL-VaPUC  |9 258588 
651 0 |a México  |9 255269 
583 |a last modification  |c 19990806 00:00:00  |k Rodrigo Vera 
999 |c 282560  |d 282558 
952 |0 0  |1 0  |4 0  |6 266_023000000000000_CHA_1958  |7 0  |8 A  |9 324413  |a BIBHIS  |b BIBHIS  |d 2019-11-20  |i 1355414  |o 266.023 CHA 1958  |p 1355414  |r 2025-01-20  |w 2019-11-20  |y BK  |k HIS